| 000 | 00424nam a2200169Ia 4500 | ||
|---|---|---|---|
| 008 | 230711s9999||||xx |||||||||||||| ||und|| | ||
| 041 | _aENG | ||
| 082 |
_a546 _bHV-I |
||
| 100 | _aHuheey,James Etal | ||
| 245 | 0 | _aInorganic Chemistry : principles of structure and reactivity | |
| 250 | _a4th Ed. | ||
| 260 |
_c2012 _aNew Delhi _bPearson |
||
| 300 | _a808 | ||
| 650 | _aChemistry | ||
| 700 | _aKeiter,Ellen A | ||
| 942 | _cBK | ||
| 999 |
_c2918 _d2918 |
||